Sports Quiz

Random Sports Quiz
Score 0/22 Timer 10:00
11 Plays Today
Goals Player % Correct
R (183)Wayne Rooney
97%
G (109)Ryan Giggs
90.7%
C (94)Andy Cole
86.9%
S (107)Paul Scholes
86.8%
V (95)Ruud van Nistelrooy
82.8%
Y (48)Dwight Yorke
82.6%
M (45*)Anthony Martial
82.2%
B (62)David Beckham
81%
P (24*)Paul Pogba
64.8%
K (33)Roy Keane
64.2%
L (28)Romelu Lukaku
57.3%
Goals Player % Correct
A (5)Anderson
55.6%
N (25)Nani
54.5%
T (19)Carlos Tevez
50.1%
E (7)Patrice Evra
45.8%
F (18)Darren Fletcher
45.3%
I (19)Paul Ince
45%
H (37)Javier Hernandez
41.7%
O (10)John O'Shea
36.3%
W (20)Danny Welbeck
31.5%
J (7)Ronny Johnsen
19.7%
D (3)Angel Di Maria
14.8%
Remove Ads.
Support Sporcle.
Get the best of Sporcle when you Go Orange. This ad-free experience offers more features, more stats, and more fun while also helping to support Sporcle. Thank you for becoming a member.

You're not logged in!

Compare scores with friends on all Sporcle quizzes.
OR
Log In

Sporcle TV

Today on Sporcle TV


Watch our educational content, quiz creation guides, and fun videos on Sporcle TV.

Show Comments

Extras

Created Dec 6, 2018ReportNominate
Tags:goal, initial, Man, utd

Top Quizzes Today


Score Distribution

Paid Content

Your Account Isn't Verified!

In order to create a playlist on Sporcle, you need to verify the email address you used during registration. Go to your Sporcle Settings to finish the process.

Report this User

Report this user for behavior that violates our Community Guidelines.

Details: